| 000 | 01812cam a2200445 i 4500 | ||
|---|---|---|---|
| 001 | 200468139 | ||
| 003 | TR-AnTOB | ||
| 005 | 20260416111919.0 | ||
| 007 | ta | ||
| 008 | 260416t19711971nyua 001 0 eng | ||
| 010 | _a 70031142 | ||
| 020 | _a0070361150 | ||
| 020 |
_a0070361169 _q(hardback) |
||
| 035 | _a(NjP)2267466-princetondb | ||
| 035 | _z(NjP)Voyager2267466 | ||
| 035 | _a(OCoLC)ocm00221130 | ||
| 035 | _a(TR-AnTOB)200468139 | ||
| 040 |
_aDLC _beng _erda _cDLC _dPUL _dTR-AnTOB |
||
| 041 | 0 | _aeng | |
| 043 | _an-us--- | ||
| 050 | 0 | 4 |
_aE208 _b.L362 1971 |
| 090 |
_aE208 _b.L362 1971 |
||
| 100 | 1 |
_aLancaster, Bruce, _d1896-1963 _0http://id.loc.gov/authorities/names/n50039933 _9153708 |
|
| 245 | 1 | 4 |
_aThe American heritage book of the Revolution / _cby the editors of American heritage. Editor in charge: Richard M. Ketchum. Narrative by Bruce Lancaster. With a chapter by J. H. Plumb. Introd. by Bruce Catton. |
| 264 | 1 |
_aNew York : _bAmerican Heritage Pub. Co. _c[1971] |
|
| 264 | 4 | _c©1971 | |
| 300 |
_a384 pages : _billustrations (part color) ; _c29 cm |
||
| 336 |
_atext _btxt _2rdacontent |
||
| 337 |
_aunmediated _bn _2rdamedia |
||
| 338 |
_avolume _bnc _2rdacarrier |
||
| 500 | _aIncludes index. | ||
| 651 | 0 |
_aUnited States _xHistory _yRevolution, 1775-1783 _0http://id.loc.gov/authorities/subjects/sh85140139 _927886 |
|
| 700 | 1 |
_aKetchum, Richard M., _d1922-2012 _eeditor _4edt _0http://id.loc.gov/authorities/names/n50045807 _9153709 |
|
| 700 | 1 |
_aPlumb, J. H. _q(John Harold), _d1911-2001 _0http://id.loc.gov/authorities/names/n78086278 _9153710 |
|
| 700 | 1 |
_aCatton, Bruce, _d1899-1978 _ewriter of introduction _4win _0http://id.loc.gov/authorities/names/n79007071 _9153023 |
|
| 730 | 0 | _aAmerican heritage. | |
| 942 |
_2lcc _cBK |
||
| 999 |
_c200468139 _d86351 |
||